Design of Steel Structures / (Record no. 1304)

000 -LEADER
fixed length control field 00304 a2200109 4500
082 ## - DEWEY DECIMAL CLASSIFICATION NUMBER
Classification number 624.1821 DUG
100 ## - MAIN ENTRY--PERSONAL NAME
Personal name Duggal,S.K.
245 ## - TITLE STATEMENT
Title Design of Steel Structures /
Statement of responsibility, etc. S.K.Duggal
250 ## - EDITION STATEMENT
Edition statement 3rd.ed.
260 ## - PUBLICATION, DISTRIBUTION, ETC.
Place of publication, distribution, etc. New Delhi :
Date of publication, distribution, etc. Tata McGraw Hill Publishing Comp,
Name of publisher, distributor, etc. 2009
300 ## - PHYSICAL DESCRIPTION
Extent 839p. :
Other physical details ill . ;
Dimensions 25cm
650 ## - SUBJECT ADDED ENTRY--TOPICAL TERM
Topical term or geographic name entry element steel structure
Holdings
Withdrawn status Lost status Damaged status Not for loan Permanent Location Current Location Shelving location Date acquired Total Checkouts Full call number Barcode Checked out Date last seen Date last checked out Price effective from Koha item type
        School of Civil and Environmental Engineering (SCEE) School of Civil and Environmental Engineering (SCEE)     1 624.1821 DUG NIT-6199 08/28/2024 07/29/2024 07/29/2024 01/05/2017 Book
        School of Civil and Environmental Engineering (SCEE) School of Civil and Environmental Engineering (SCEE)     1   NIT-6198 05/15/2026 01/15/2026 01/15/2026 01/05/2017 Book
© 2023 Central Library, National University of Sciences and Technology. All Rights Reserved.